Photo Frame: (Record no. 204580)
[ view plain ]
| 000 -LEADER | |
|---|---|
| fixed length control field | 00534nam a22001937a 4500 |
| 005 - DATE AND TIME OF LATEST TRANSACTION | |
| control field | 20241216121739.0 |
| 010 ## - LCCN (DPL NO) | |
| LC control number | ENG-141061 ENG-143114 |
| 020 ## - INTERNATIONAL STANDARD BOOK NUMBER | |
| Terms of availability | 150.00 |
| 035 ## - SYSTEM CONTROL NUMBER | |
| System control number | EN-124593 |
| 035 ## - SYSTEM CONTROL NUMBER | |
| System control number | EN-126646 |
| 037 ## - SOURCE OF ACQUISITION | |
| Source of stock number/acquisition | DBAD |
| 082 ## - DEWEY DECIMAL CLASSIFICATION NUMBER | |
| Classification number | S |
| 100 ## - MAIN ENTRY--PERSONAL NAME | |
| Personal name | Kameshwari.D |
| 245 ## - TITLE STATEMENT | |
| Title | Photo Frame: |
| Remainder of title | Short Stories/ |
| Statement of responsibility, etc | By D.Kameshwari |
| 260 ## - PUBLICATION, DISTRIBUTION, ETC. (IMPRINT) | |
| Place of publication, distribution, etc | Hydrabad |
| Name of publisher, distributor, etc | J.V.Publications |
| Date of publication, distribution, etc | 2016 |
| 270 ## - ADDRESS | |
| City | Hydrabad |
| Address | flat No.407, Tirumala Apartments, Himayatnagar |
| Postal code | 500029 |
| 300 ## - PHYSICAL DESCRIPTION | |
| Extent | 256p. |
| Dimensions | 22cm(pbk) |
| 942 ## - ADDED ENTRY ELEMENTS (KOHA) | |
| Source of classification or shelving scheme | Dewey Decimal Classification |
| Item type | English Books |
| Classification part | S |
| Call number suffix | KAM |
| Withdrawn status | Lost status | Not for loan | Collection code | Home library | Current library | Date acquired | Source of acquisition | Cost, normal purchase price | Full call number | Barcode | Copy number | Cost, replacement price | Koha item type |
|---|---|---|---|---|---|---|---|---|---|---|---|---|---|
| Non-fiction | Janak Puri | Janak Puri | 16/12/2024 | Delivery of Books Division | 150.00 | S KAM | EN-126646 | 1 | 150.00 | English Books | |||
| Fiction | Shahdara Branch | Shahdara Branch | 29/07/2024 | DBAD | 150.00 | S KAM | EN-124593 | 1 | 150.00 | English Books |
